000 02554cas a22006851 4500
001 data
005 20260322212103.0
008 data
010 _aa 39000378
015 _a01258150X
_2dnb
016 7 _a01258150X
_2DE-101
016 7 _a447596-3
_2DE-600
016 7 _a21430060R
_2DNLM
016 7 _aSR0018771
_2DNLM
016 7 _a011148716
_2Uk
016 7 _a000286611
_2Uk
019 _a1231159039
_a1063826086
_a1230932694
_a1231159039
022 _a0096-9664
_21
023 0 _a0096-9664
_21
029 1 _aAU@
_b000025643492
029 1 _aGEBAY
_b10637443
029 1 _aNLGGC
_b04498068X
029 1 _aNLM
_b21430060R
029 1 _aNZ1
_b4734761
029 1 _aZWZ
_b036658375
029 1 _aUKMGB
_b000286611
035 _a(OCoLC)1552479
040 _aMUL
_beng
_cMUL
_dOCLCQ
_dDLC
_dNST
_dNLM
_dOCLCQ
_dNLGGC
_dCRU
_dOCLCQ
_dGBVCP
_dUKMGB
_dOCLCO
_dOCLCF
_dOCLCQ
_dOCLCL
_dOCLCQ
042 _ansdp
_ansdp
050 0 0 _aRM300
_b.C32a
050 1 4 _aRS187
_b.C3
060 0 0 _aW1
_bUN937D
082 0 _a615/.1/05
_1https://id.oclc.org/worldcat/ddc/E3dWJ6DCwXYhHCR3GkrcQ4ghDR
110 2 _aUniversity of California, Berkeley.
_1https://id.oclc.org/worldcat/entity/E39QH7JmtdhhRVgpGjFRFYkXM6
222 0 _aUniversity of California publications in pharmacology
245 1 0 _aUniversity of California publications in pharmacology.
246 3 0 _aPublications in pharmacology
260 _a[London],
_b[Cambridge University Press]
_a[London],
_b[Cambridge University Press]
_c1938-1957.
300 _a3 volumes
_c24 cm
336 _atext
_btxt
_2rdacontent
337 _aunmediated
_bn
_2rdamedia
338 _avolume
_bnc
_2rdacarrier
362 0 _av. 1-3, no. 1.
650 0 _aPharmacology.
650 2 _aPharmacology.
650 7 _aPharmacology.
_2fast
_0(OCoLC)fst01060259
650 1 7 _aFarmacologie.
_2gtt
655 2 _aPeriodicals.
710 2 _aUniversity of California, Berkeley.
_tPublications in pharmacology.
776 0 8 _iOnline version:
_aUniversity of California, Berkeley.
_tUniversity of California publications in pharmacology
_w(OCoLC)664623306
906 _a7
_bcbc
_cserials
_d4
_encip
_f19
_gn-oclcserc
590 _aSERBIB/SERLOC merged record
890 _aCalifornia. University. University of California publications in pharmacology.
_ia39-378
920 _aKeep 1
991 _bc-GenColl
_hRM300
_i.C32a
_wSERIALS
991 _bc-GenColl
_hRM300
_i.C32a
_p00025915550
_tCopy 1
_v1 * 1938 -41
_wCCF
991 _bc-GenColl
_hRM300
_i.C32a
_p00025915549
_tCopy 1
_v2 * 1941 -55
_wCCF
992 _bSER
_wSERLOC
999 _c1488
_d1488